[Event "Asian Club CUp 2014"]
[Site "?"]
[Date "2014.06.23"]
[Round "3.7"]
[White "Ehab, Mazin Elias"]
[Black "Kotsur, Pavel"]
[Result "1/2-1/2"]
[LiveChessVersion "1.4.3"]
[BlackElo "2558"]
[WhiteElo "2276"]

1. d4 {[%clk 1:29:27]} Nf6 {[%clk 1:30:26]} 2. Nf3 {[%clk 1:29:31]} e6
{[%clk 1:30:42]} 3. g3 {[%clk 1:29:42]} b5 {[%clk 1:28:21]} 4. Bg2
{[%clk 1:28:01]} Bb7 {[%clk 1:28:44]} 5. O-O {[%clk 1:28:01]} c5 {[%clk 1:24:23]}
6. Na3 {[%clk 1:26:13]} b4 {[%clk 1:08:16]} 7. Nc4 {[%clk 1:26:02]} d5
{[%clk 1:08:32]} 8. Nce5 {[%clk 1:26:15]} Nbd7 {[%clk 1:01:35]} 9. c4
{[%clk 1:19:06]} bxc3 {[%clk 0:57:11]} 10. bxc3 {[%clk 1:14:08]} Be7
{[%clk 0:51:47]} 11. Rb1 {[%clk 1:09:58]} Qc8 {[%clk 0:51:29]} 12. c4
{[%clk 1:03:44]} O-O {[%clk 0:51:21]} 13. Ba3 {[%clk 1:03:36]} Qc7
{[%clk 0:45:35]} 14. Qa4 {[%clk 0:58:05]} Nxe5 {[%clk 0:36:46]} 15. Nxe5
{[%clk 0:57:33]} cxd4 {[%clk 0:36:18]} 16. Bxe7 {[%clk 0:57:06]} Qxe7
{[%clk 0:36:46]} 17. Nd7 {[%clk 0:51:53]} Qxd7 {[%clk 0:35:16]} 18. Qxd7
{[%clk 0:52:12]} Nxd7 {[%clk 0:35:41]} 19. Rxb7 {[%clk 0:52:35]} Nc5
{[%clk 0:31:16]} 20. Rc7 {[%clk 0:41:45]} Rac8 {[%clk 0:27:27]} 21. Rxc8
{[%clk 0:41:55]} Rxc8 {[%clk 0:27:54]} 22. cxd5 {[%clk 0:42:13]} Na4
{[%clk 0:28:15]} 23. Bh3 {[%clk 0:38:20]} Re8 {[%clk 0:19:48]} 24. dxe6
{[%clk 0:29:23]} fxe6 {[%clk 0:19:53]} 25. Rb1 {[%clk 0:28:05]} Nc3
{[%clk 0:20:02]} 26. Rb2 {[%clk 0:27:59]} Kf7 {[%clk 0:18:53]} 27. Kf1
{[%clk 0:25:57]} Re7 {[%clk 0:17:33]} 28. a3 {[%clk 0:24:02]} Rc7
{[%clk 0:17:35]} 29. Rb4 {[%clk 0:23:08]} e5 {[%clk 0:17:49]} 30. f4
{[%clk 0:21:08]} Kf6 {[%clk 0:16:19]} 31. fxe5+ {[%clk 0:19:42]} Kxe5
{[%clk 0:16:43]} 32. Rb8 {[%clk 0:19:56]} Nd1 {[%clk 0:14:32]} 33. Re8+
{[%clk 0:18:46]} Kd6 {[%clk 0:14:05]} 34. Ke1 {[%clk 0:16:45]} Ne3
{[%clk 0:14:27]} 35. Kd2 {[%clk 0:17:24]} Rc3 {[%clk 0:09:48]} 36. Rd8+
{[%clk 0:15:27]} Ke5 {[%clk 0:10:02]} 37. a4 {[%clk 0:13:50]} Nc4+
{[%clk 0:10:14]} 38. Ke1 {[%clk 0:14:10]} g5 {[%clk 0:06:59]} 39. Re8+
{[%clk 0:13:30]} Kd6 {[%clk 0:07:21]} 40. Rd8+ {[%clk 0:06:57]} Kc5
{[%clk 0:07:16]} 41. Kf2 {[%clk 0:07:22]} Ne3 {[%clk 0:05:12]} 42. Rd7
{[%clk 0:06:38]} g4 {[%clk 0:04:05]} 43. Bg2 {[%clk 0:06:57]} a5 {[%clk 0:02:18]}
44. Rxh7 {[%clk 0:05:01]} Kb4 {[%clk 0:02:34]} 45. Rd7 {[%clk 0:05:13]} Kxa4
{[%clk 0:01:14]} 46. Rxd4+ {[%clk 0:05:26]} Kb3 {[%clk 0:01:40]} 47. h4
{[%clk 0:03:16]} a4 {[%clk 0:01:35]} 48. h5 {[%clk 0:02:03]} Nxg2
{[%clk 0:01:25]} 49. h6 {[%clk 0:02:11]} Rc7 {[%clk 0:00:34]} 1/2-1/2

[Event "Asian Club CUp 2014"]
[Site "?"]
[Date "2014.06.23"]
[Round "3.11"]
[White "Ahmed, Sk. Nasir"]
[Black "Senador, Emmanuel"]
[Result "0-1"]
[LiveChessVersion "1.4.3"]
[BlackElo "2337"]
[WhiteElo "2320"]

1. Nf3 {[%clk 1:29:38]} d5 {[%clk 1:30:49]} 2. g3 {[%clk 1:29:55]} g6
{[%clk 1:31:12]} 3. Bg2 {[%clk 1:30:15]} Bg7 {[%clk 1:31:37]} 4. O-O
{[%clk 1:29:57]} e5 {[%clk 1:31:05]} 5. d3 {[%clk 1:30:16]} Ne7 {[%clk 1:30:41]}
6. e4 {[%clk 1:26:16]} O-O {[%clk 1:30:49]} 7. c3 {[%clk 1:24:11]} Nbc6
{[%clk 1:29:58]} 8. Qc2 {[%clk 1:21:55]} h6 {[%clk 1:30:11]} 9. Re1
{[%clk 1:21:49]} Bg4 {[%clk 1:30:00]} 10. Nbd2 {[%clk 1:21:05]} Qd7
{[%clk 1:29:47]} 11. b4 {[%clk 1:08:05]} a6 {[%clk 1:26:00]} 12. Bb2
{[%clk 0:59:16]} Rad8 {[%clk 1:19:28]} 13. a3 {[%clk 0:56:06]} dxe4
{[%clk 0:54:00]} 14. dxe4 {[%clk 0:56:28]} Qd3 {[%clk 0:54:16]} 15. Qxd3
{[%clk 0:34:39]} Rxd3 {[%clk 0:53:57]} 16. h3 {[%clk 0:34:44]} Be6
{[%clk 0:53:59]} 17. Bf1 {[%clk 0:32:58]} Rd7 {[%clk 0:53:51]} 18. Kg2
{[%clk 0:29:52]} Rfd8 {[%clk 0:51:35]} 19. Nc4 {[%clk 0:30:05]} Nc8
{[%clk 0:48:02]} 20. a4 {[%clk 0:22:16]} Nd6 {[%clk 0:31:57]} 21. Nxd6
{[%clk 0:22:12]} cxd6 {[%clk 0:32:11]} 22. Nd2 {[%clk 0:05:52]} d5
{[%clk 0:23:43]} 23. exd5 {[%clk 0:05:50]} Bxd5+ {[%clk 0:24:08]} 24. Kg1
{[%clk 0:06:08]} e4 {[%clk 0:23:32]} 25. Re3 {[%clk 0:01:13]} Nxb4
{[%clk 0:20:53]} 26. Nxe4 {[%clk 0:00:37]} Nc2 {[%clk 0:19:27]} 27. Rae1
{[%clk 0:00:46]} Nxe1 {[%clk 0:18:37]} 28. Rxe1 {[%clk 0:01:15]} Re7
{[%clk 0:14:16]} 0-1

[Event "Asian Club CUp 2014"]
[Site "?"]
[Date "2014.06.23"]
[Round "3.12"]
[White "Turqueza, Mari Joseph"]
[Black "Islam, Kh. Aminul"]
[Result "1-0"]
[LiveChessVersion "1.4.3"]
[BlackElo "2277"]
[WhiteElo "2272"]

1. d4 {[%clk 1:30:50]} d5 {[%clk 1:30:17]} 2. c4 {[%clk 1:31:07]} e6
{[%clk 1:30:37]} 3. Nf3 {[%clk 1:31:22]} Nf6 {[%clk 1:30:53]} 4. g3
{[%clk 1:31:22]} Be7 {[%clk 1:30:21]} 5. Bg2 {[%clk 1:31:40]} O-O
{[%clk 1:30:26]} 6. O-O {[%clk 1:31:40]} dxc4 {[%clk 1:30:37]} 7. Qc2
{[%clk 1:31:41]} a6 {[%clk 1:27:50]} 8. Qxc4 {[%clk 1:31:55]} b5 {[%clk 1:24:54]}
9. Qc2 {[%clk 1:32:11]} Bb7 {[%clk 1:25:09]} 10. Bd2 {[%clk 1:32:08]} Be4
{[%clk 1:21:56]} 11. Qc1 {[%clk 1:32:06]} Qc8 {[%clk 1:20:45]} 12. Bg5
{[%clk 1:18:21]} Bb7 {[%clk 1:09:20]} 13. Qf4 {[%clk 1:01:10]} Nbd7
{[%clk 1:05:26]} 14. Rc1 {[%clk 1:01:04]} Bd6 {[%clk 0:59:55]} 15. Qh4
{[%clk 0:57:32]} h6 {[%clk 0:53:15]} 16. Bxf6 {[%clk 0:54:39]} Nxf6
{[%clk 0:53:34]} 17. Nbd2 {[%clk 0:52:36]} Qd8 {[%clk 0:46:29]} 18. Nb3
{[%clk 0:45:01]} Bd5 {[%clk 0:32:31]} 19. Ne1 {[%clk 0:40:22]} Bxg2
{[%clk 0:30:27]} 20. Kxg2 {[%clk 0:40:34]} e5 {[%clk 0:29:25]} 21. dxe5
{[%clk 0:40:02]} Bxe5 {[%clk 0:29:30]} 22. Nd3 {[%clk 0:40:24]} Re8
{[%clk 0:29:00]} 23. Kg1 {[%clk 0:24:30]} Bd6 {[%clk 0:28:22]} 24. Rc2
{[%clk 0:22:06]} Re4 {[%clk 0:28:31]} 25. Qh3 {[%clk 0:22:34]} Qe7
{[%clk 0:28:01]} 26. e3 {[%clk 0:22:04]} Re8 {[%clk 0:13:29]} 27. Rac1
{[%clk 0:20:45]} Ra4 {[%clk 0:10:34]} 28. a3 {[%clk 0:17:57]} Ne4
{[%clk 0:10:08]} 29. Nbc5 {[%clk 0:17:16]} Rc4 {[%clk 0:05:04]} 30. Nxe4
{[%clk 0:05:51]} Qxe4 {[%clk 0:02:32]} 31. Rxc4 {[%clk 0:06:11]} bxc4
{[%clk 0:03:01]} 32. Ne1 {[%clk 0:06:19]} Rb8 {[%clk 0:02:57]} 33. Rc2
{[%clk 0:03:52]} Be5 {[%clk 0:02:10]} 34. Qd7 {[%clk 0:03:23]} c3
{[%clk 0:01:36]} 35. b4 {[%clk 0:02:25]} a5 {[%clk 0:01:01]} 36. Qd3
{[%clk 0:01:21]} Qc6 {[%clk 0:01:01]} 37. Qf5 {[%clk 0:01:35]} Qd6
{[%clk 0:00:56]} 38. Nf3 {[%clk 0:01:01]} Bf6 {[%clk 0:00:56]} 39. Nd4
{[%clk 0:00:49]} axb4 {[%clk 0:00:58]} 40. axb4 {[%clk 0:01:12]} Bxd4
{[%clk 0:01:10]} 41. exd4 {[%clk 0:01:40]} Qxd4 {[%clk 0:01:26]} 42. Qf3
{[%clk 0:01:44]} Rxb4 {[%clk 0:01:07]} 43. Rxc3 {[%clk 0:02:09]} c5
{[%clk 0:01:10]} 44. Rd3 {[%clk 0:01:21]} Qe4 {[%clk 0:01:32]} 45. Rd8+
{[%clk 0:00:43]} Kh7 {[%clk 0:01:59]} 46. Qxe4+ {[%clk 0:00:51]} Rxe4
{[%clk 0:02:28]} 47. Rc8 {[%clk 0:01:20]} Re5 {[%clk 0:02:34]} 48. Rc6
{[%clk 0:01:01]} h5 {[%clk 0:02:41]} 49. Kf1 {[%clk 0:01:05]} g6 {[%clk 0:02:39]}
50. f4 {[%clk 0:01:26]} Rd5 {[%clk 0:02:19]} 51. Ke2 {[%clk 0:01:44]} Kg7
{[%clk 0:02:38]} 52. Ke3 {[%clk 0:01:59]} Kf8 {[%clk 0:02:51]} 53. Rc7
{[%clk 0:01:25]} Ke8 {[%clk 0:03:00]} 54. Ke4 {[%clk 0:00:41]} Rd2
{[%clk 0:02:07]} 55. Rxc5 {[%clk 0:00:43]} Rxh2 {[%clk 0:02:32]} 56. Kf3
{[%clk 0:00:48]} Ke7 {[%clk 0:02:43]} 57. Rc7+ {[%clk 0:01:02]} Kf6
{[%clk 0:03:10]} 58. Rc6+ {[%clk 0:01:28]} Kg7 {[%clk 0:03:26]} 59. Rc7
{[%clk 0:01:55]} Rh1 {[%clk 0:03:46]} 60. Ra7 {[%clk 0:02:11]} Rf1+
{[%clk 0:04:10]} 61. Kg2 {[%clk 0:02:37]} Rb1 {[%clk 0:04:07]} 62. Rc7
{[%clk 0:02:53]} Rb6 {[%clk 0:04:24]} 63. Ra7 {[%clk 0:03:07]} Kf6
{[%clk 0:04:46]} 64. Rc7 {[%clk 0:03:29]} Ke6 {[%clk 0:05:12]} 65. Ra7
{[%clk 0:03:48]} Rb5 {[%clk 0:05:37]} 66. Rc7 {[%clk 0:03:28]} f6
{[%clk 0:05:58]} 67. Ra7 {[%clk 0:03:13]} Kf5 {[%clk 0:06:21]} 68. Kh3
{[%clk 0:03:35]} Rd5 {[%clk 0:03:09]} 69. Rb7 {[%clk 0:04:02]} Ke4
{[%clk 0:03:00]} 70. Rg7 {[%clk 0:03:07]} Kf5 {[%clk 0:02:32]} 71. Ra7
{[%clk 0:03:35]} g5 {[%clk 0:02:22]} 72. fxg5 {[%clk 0:04:01]} fxg5
{[%clk 0:02:48]} 73. Rf7+ {[%clk 0:03:52]} Kg6 {[%clk 0:02:57]} 74. Rf2
{[%clk 0:04:14]} Rf5 {[%clk 0:02:40]} 75. Ra2 {[%clk 0:04:08]} Rb5
{[%clk 0:02:56]} 76. Rf2 {[%clk 0:04:17]} Rb1 {[%clk 0:03:07]} 77. Kg2
{[%clk 0:04:30]} g4 {[%clk 0:03:28]} 78. Ra2 {[%clk 0:04:35]} Rb5
{[%clk 0:03:39]} 79. Rf2 {[%clk 0:04:33]} Kg5 {[%clk 0:04:04]} 80. Kh2
{[%clk 0:02:48]} Rb3 {[%clk 0:03:53]} 81. Kg2 {[%clk 0:03:06]} Ra3
{[%clk 0:04:07]} 82. Rb2 {[%clk 0:02:33]} Kf5 {[%clk 0:04:21]} 83. Rb5+
{[%clk 0:02:34]} Ke4 {[%clk 0:04:30]} 84. Rxh5 {[%clk 0:01:59]} Ra2+
{[%clk 0:04:50]} 85. Kg1 {[%clk 0:01:49]} Ra1+ {[%clk 0:05:01]} 86. Kg2
{[%clk 0:02:16]} Ra2+ {[%clk 0:05:25]} 87. Kg1 {[%clk 0:02:45]} Kf3
{[%clk 0:05:46]} 88. Rb5 {[%clk 0:03:10]} Rg2+ {[%clk 0:04:31]} 89. Kh1
{[%clk 0:03:33]} Re2 {[%clk 0:04:51]} 90. Kg1 {[%clk 0:03:37]} Rg2+
{[%clk 0:04:39]} 91. Kh1 {[%clk 0:04:05]} Rxg3 {[%clk 0:04:42]} 92. Kh2
{[%clk 0:02:52]} Rg2+ {[%clk 0:05:01]} 93. Kh1 {[%clk 0:03:20]} Re2
{[%clk 0:05:13]} 94. Rb3+ {[%clk 0:03:44]} Re3 {[%clk 0:02:34]} 95. Rxe3+
{[%clk 0:03:59]} Kxe3 {[%clk 0:03:03]} 96. Kg2 {[%clk 0:04:23]} Kf4
{[%clk 0:03:29]} 97. Kf2 {[%clk 0:04:50]} g3+ {[%clk 0:03:56]} 98. Kg2
{[%clk 0:05:18]} Kg4 {[%clk 0:04:18]} 99. Kg1 {[%clk 0:05:39]} 1-0

[Event "Asian Club CUp 2014"]
[Site "?"]
[Date "2014.06.23"]
[Round "3.16"]
[White "Saeed, Ishaq"]
[Black "Xu, Yi"]
[Result "0-1"]
[LiveChessVersion "1.4.3"]
[BlackElo "2290"]
[WhiteElo "2227"]

1. d4 {[%clk 1:30:42]} Nf6 {[%clk 1:30:56]} 2. c4 {[%clk 1:31:06]} g6
{[%clk 1:31:24]} 3. Nc3 {[%clk 1:31:13]} Bg7 {[%clk 1:31:50]} 4. e4
{[%clk 1:31:09]} d6 {[%clk 1:32:18]} 5. f3 {[%clk 1:31:32]} O-O {[%clk 1:32:37]}
6. Be3 {[%clk 1:31:33]} Nc6 {[%clk 1:33:02]} 7. Nge2 {[%clk 1:31:56]} a6
{[%clk 1:33:26]} 8. Qd2 {[%clk 1:31:32]} Rb8 {[%clk 1:33:50]} 9. Rc1
{[%clk 1:31:55]} Bd7 {[%clk 1:33:56]} 10. Nd1 {[%clk 1:31:53]} Re8
{[%clk 1:32:31]} 11. Nf2 {[%clk 1:31:54]} b5 {[%clk 1:32:30]} 12. c5
{[%clk 1:31:13]} dxc5 {[%clk 1:32:16]} 13. Rxc5 {[%clk 1:31:32]} e5
{[%clk 1:32:09]} 14. d5 {[%clk 1:27:39]} Ne7 {[%clk 1:32:29]} 15. g3
{[%clk 1:26:25]} c6 {[%clk 1:30:19]} 16. dxc6 {[%clk 1:14:36]} Nxc6
{[%clk 1:26:44]} 17. Nd3 {[%clk 1:13:50]} Rc8 {[%clk 1:20:13]} 18. Bg2
{[%clk 1:12:38]} Bf8 {[%clk 1:19:57]} 19. Rc1 {[%clk 1:12:12]} Be6
{[%clk 1:20:07]} 20. b3 {[%clk 1:09:41]} Ba3 {[%clk 1:13:14]} 21. Rd1
{[%clk 1:05:37]} Re7 {[%clk 1:04:34]} 22. Bc5 {[%clk 0:41:47]} Bxc5
{[%clk 1:05:02]} 23. Nxc5 {[%clk 0:42:09]} Qb6 {[%clk 1:05:28]} 24. Rc1
{[%clk 0:42:28]} Nd4 {[%clk 1:01:17]} 25. b4 {[%clk 0:31:22]} Nxe2
{[%clk 1:01:19]} 26. Kxe2 {[%clk 0:29:51]} Bc4+ {[%clk 1:00:39]} 27. Ke1
{[%clk 0:28:26]} a5 {[%clk 0:55:14]} 28. a3 {[%clk 0:28:00]} axb4
{[%clk 0:53:43]} 29. axb4 {[%clk 0:28:21]} Ra7 {[%clk 0:54:03]} 30. Bf1
{[%clk 0:22:14]} Rd8 {[%clk 0:51:05]} 31. Qc3 {[%clk 0:11:21]} Ra2
{[%clk 0:50:56]} 32. Rc2 {[%clk 0:05:27]} Qa7 {[%clk 0:46:11]} 33. Bxc4
{[%clk 0:04:24]} Rxc2 {[%clk 0:45:59]} 34. Qxc2 {[%clk 0:00:50]} Qa1+
{[%clk 0:46:27]} 35. Ke2 {[%clk 0:00:36]} Qxh1 {[%clk 0:46:38]} 36. Bb3
{[%clk 0:00:47]} Qxh2+ {[%clk 0:46:43]} 37. Ke3 {[%clk 0:00:41]} Qxg3
{[%clk 0:45:48]} 38. Nd3 {[%clk 0:00:54]} Ng4+ {[%clk 0:44:42]} 39. Ke2
{[%clk 0:01:06]} Qg2+ {[%clk 0:44:56]} 40. Ke1 {[%clk 0:01:21]} Qg1+
{[%clk 0:45:23]} 41. Ke2 {[%clk 0:00:54]} Qe3+ {[%clk 0:45:47]} 42. Kf1
{[%clk 0:00:42]} Qxf3+ {[%clk 0:46:12]} 43. Ke1 {[%clk 0:00:55]} Qe3+
{[%clk 0:46:23]} 0-1

[Event "Asian Club CUp 2014"]
[Site "?"]
[Date "2014.06.24"]
[Round "4.1"]
[White "Illingworth, Max"]
[Black "Salem, A.R. Saleh"]
[Result "0-1"]
[LiveChessVersion "1.4.3"]
[BlackElo "2581"]
[WhiteElo "2442"]

1. d4 {[%clk 1:30:58]} Nf6 {[%clk 1:30:48]} 2. c4 {[%clk 1:31:22]} g6
{[%clk 1:31:01]} 3. f3 {[%clk 1:31:47]} c5 {[%clk 1:28:06]} 4. d5
{[%clk 1:32:10]} d6 {[%clk 1:28:11]} 5. e4 {[%clk 1:32:34]} e6 {[%clk 1:28:05]}
6. Ne2 {[%clk 1:32:28]} exd5 {[%clk 1:27:27]} 7. cxd5 {[%clk 1:32:51]} Nh5
{[%clk 1:26:48]} 8. Be3 {[%clk 1:31:45]} Qh4+ {[%clk 1:20:26]} 9. g3
{[%clk 1:28:21]} Qe7 {[%clk 1:15:59]} 10. Bg2 {[%clk 1:21:05]} Bg7
{[%clk 1:14:18]} 11. Qd2 {[%clk 1:19:36]} Nd7 {[%clk 1:11:43]} 12. a4
{[%clk 1:17:32]} Ne5 {[%clk 1:09:32]} 13. Na3 {[%clk 1:16:52]} Bh3
{[%clk 1:07:39]} 14. O-O {[%clk 1:17:06]} Bxg2 {[%clk 1:08:04]} 15. Kxg2
{[%clk 1:17:30]} O-O {[%clk 1:08:21]} 16. Nc3 {[%clk 1:07:36]} f5
{[%clk 0:54:29]} 17. exf5 {[%clk 1:07:33]} gxf5 {[%clk 0:52:28]} 18. Bg5
{[%clk 1:06:41]} Qd7 {[%clk 0:52:24]} 19. Rae1 {[%clk 1:02:20]} Rae8
{[%clk 0:49:03]} 20. Qd1 {[%clk 0:58:35]} a6 {[%clk 0:29:36]} 21. a5
{[%clk 0:54:56]} c4 {[%clk 0:18:29]} 22. Bc1 {[%clk 0:48:12]} f4 {[%clk 0:10:43]}
23. Re4 {[%clk 0:45:33]} fxg3 {[%clk 0:08:09]} 24. hxg3 {[%clk 0:45:56]} Qf7
{[%clk 0:06:34]} 25. Rh4 {[%clk 0:37:21]} Qg6 {[%clk 0:05:55]} 26. Ne4
{[%clk 0:34:12]} Bf6 {[%clk 0:05:26]} 27. Rxh5 {[%clk 0:31:12]} Qxh5
{[%clk 0:05:42]} 28. Nxd6 {[%clk 0:31:37]} Re7 {[%clk 0:03:53]} 29. Naxc4
{[%clk 0:27:53]} Nxc4 {[%clk 0:04:21]} 30. Nxc4 {[%clk 0:28:17]} Rfe8
{[%clk 0:04:43]} 31. Be3 {[%clk 0:27:16]} Rxe3 {[%clk 0:04:57]} 32. Nxe3
{[%clk 0:27:41]} Rxe3 {[%clk 0:05:25]} 33. d6 {[%clk 0:28:05]} Qb5
{[%clk 0:05:26]} 34. f4 {[%clk 0:27:22]} Re2+ {[%clk 0:04:21]} 35. Kf3
{[%clk 0:26:43]} Rxb2 {[%clk 0:04:12]} 36. Re1 {[%clk 0:26:59]} Qh5+
{[%clk 0:04:11]} 37. g4 {[%clk 0:26:38]} Qh3+ {[%clk 0:03:34]} 38. Ke4
{[%clk 0:27:03]} Rb5 {[%clk 0:03:27]} 39. d7 {[%clk 0:26:59]} Qg2+
{[%clk 0:03:47]} 40. Ke3 {[%clk 0:27:01]} Qg3+ {[%clk 0:03:31]} 41. Ke4
{[%clk 0:27:07]} Rb4+ {[%clk 0:02:14]} 42. Kd5 {[%clk 0:27:25]} Kf7
{[%clk 0:01:37]} 43. Re4 {[%clk 0:25:25]} Rb5+ {[%clk 0:01:56]} 44. Kd6
{[%clk 0:25:47]} Qc3 {[%clk 0:01:25]} 0-1

[Event "Asian Club CUp 2014"]
[Site "?"]
[Date "2014.06.24"]
[Round "4.2"]
[White "Faisal, Abdulla Kashwani"]
[Black "Lane, Gary W."]
[Result "1-0"]
[LiveChessVersion "1.4.3"]
[BlackElo "2354"]
[WhiteElo "2270"]

1. e4 {[%clk 1:30:54]} e5 {[%clk 1:30:51]} 2. Nf3 {[%clk 1:30:45]} Nc6
{[%clk 1:31:14]} 3. Bb5 {[%clk 1:30:40]} a6 {[%clk 1:31:36]} 4. Ba4
{[%clk 1:30:14]} Nge7 {[%clk 1:31:56]} 5. O-O {[%clk 1:25:34]} g6
{[%clk 1:29:51]} 6. c3 {[%clk 1:24:18]} Bg7 {[%clk 1:28:49]} 7. d4
{[%clk 1:24:18]} exd4 {[%clk 1:26:55]} 8. cxd4 {[%clk 1:24:18]} b5
{[%clk 1:27:20]} 9. Bb3 {[%clk 1:22:13]} d6 {[%clk 1:26:26]} 10. h3
{[%clk 1:21:04]} O-O {[%clk 1:26:39]} 11. Nc3 {[%clk 1:18:38]} Na5
{[%clk 1:24:54]} 12. Bc2 {[%clk 1:15:26]} Bb7 {[%clk 1:25:07]} 13. Bg5
{[%clk 1:06:32]} h6 {[%clk 1:20:00]} 14. Bh4 {[%clk 1:06:15]} Nc4
{[%clk 1:06:21]} 15. Bb3 {[%clk 0:54:11]} Nxb2 {[%clk 0:57:36]} 16. Qb1
{[%clk 0:51:30]} g5 {[%clk 0:49:48]} 17. Bg3 {[%clk 0:46:49]} c5 {[%clk 0:50:12]}
18. Qxb2 {[%clk 0:45:46]} cxd4 {[%clk 0:50:36]} 19. Nd5 {[%clk 0:41:07]} Nxd5
{[%clk 0:48:05]} 20. exd5 {[%clk 0:39:31]} d3 {[%clk 0:48:00]} 21. Qd2
{[%clk 0:37:14]} Bxa1 {[%clk 0:48:06]} 22. Rxa1 {[%clk 0:37:40]} f5
{[%clk 0:46:38]} 23. Qxd3 {[%clk 0:37:07]} Qf6 {[%clk 0:46:52]} 24. Rd1
{[%clk 0:30:40]} Rac8 {[%clk 0:42:34]} 25. Nd4 {[%clk 0:28:58]} f4
{[%clk 0:42:28]} 26. Bh2 {[%clk 0:28:43]} Rfe8 {[%clk 0:40:49]} 27. Kh1
{[%clk 0:24:10]} Rc5 {[%clk 0:35:11]} 28. Ne6 {[%clk 0:20:18]} Rc3
{[%clk 0:33:40]} 29. Qd2 {[%clk 0:19:32]} a5 {[%clk 0:29:01]} 30. f3
{[%clk 0:18:37]} a4 {[%clk 0:22:05]} 31. Bc2 {[%clk 0:18:36]} Ra3
{[%clk 0:11:53]} 32. Be4 {[%clk 0:15:03]} Rxe6 {[%clk 0:01:15]} 33. dxe6
{[%clk 0:15:16]} Bxe4 {[%clk 0:01:40]} 34. fxe4 {[%clk 0:15:36]} Qxe6
{[%clk 0:02:04]} 35. e5 {[%clk 0:10:32]} Qxe5 {[%clk 0:01:42]} 36. Bg1
{[%clk 0:10:53]} f3 {[%clk 0:01:41]} 37. Bh2 {[%clk 0:11:01]} Qe6
{[%clk 0:01:27]} 38. Bxd6 {[%clk 0:08:09]} fxg2+ {[%clk 0:01:45]} 39. Kg1
{[%clk 0:08:31]} Rxa2 {[%clk 0:01:13]} 40. Qd4 {[%clk 0:08:56]} Re2
{[%clk 0:01:16]} 41. Bc5 {[%clk 0:08:09]} Re1+ {[%clk 0:01:07]} 42. Rxe1
{[%clk 0:08:34]} Qxe1+ {[%clk 0:01:33]} 43. Kxg2 {[%clk 0:08:59]} Qe2+
{[%clk 0:01:36]} 44. Kg3 {[%clk 0:09:08]} Kh7 {[%clk 0:01:34]} 45. Qd5
{[%clk 0:07:33]} Qe1+ {[%clk 0:00:56]} 46. Bf2 {[%clk 0:07:03]} Qc3+
{[%clk 0:01:01]} 47. Kg2 {[%clk 0:07:28]} Qb2 {[%clk 0:00:37]} 48. Qf7+
{[%clk 0:07:42]} Qg7 {[%clk 0:01:02]} 49. Qf5+ {[%clk 0:08:01]} Qg6
{[%clk 0:01:17]} 50. Qd7+ {[%clk 0:08:06]} Kg8 {[%clk 0:01:42]} 51. Qxb5
{[%clk 0:08:21]} Qe4+ {[%clk 0:02:06]} 52. Kg1 {[%clk 0:08:17]} Qf3
{[%clk 0:02:22]} 53. Qe8+ {[%clk 0:08:23]} Kh7 {[%clk 0:02:49]} 54. Qxa4
{[%clk 0:08:25]} Qxh3 {[%clk 0:03:11]} 55. Qe4+ {[%clk 0:08:53]} Kg7
{[%clk 0:03:22]} 56. Qe7+ {[%clk 0:07:11]} Kg6 {[%clk 0:03:11]} 57. Qe8+
{[%clk 0:07:15]} Kf6 {[%clk 0:03:26]} 58. Bd4+ {[%clk 0:07:34]} Kf5
{[%clk 0:03:51]} 59. Qd7+ {[%clk 0:07:57]} 1-0

[Event "Asian Club CUp 2014"]
[Site "?"]
[Date "2014.06.24"]
[Round "4.3"]
[White "Zelesco, Karl"]
[Black "Khouri, Ibrahim Mohamed"]
[Result "1-0"]
[LiveChessVersion "1.4.3"]
[BlackElo "2232"]
[WhiteElo "2274"]

1. d4 {[%clk 1:30:56]} Nf6 {[%clk 1:30:53]} 2. c4 {[%clk 1:31:22]} e6
{[%clk 1:31:11]} 3. Nc3 {[%clk 1:31:47]} Bb4 {[%clk 1:31:22]} 4. e3
{[%clk 1:32:03]} O-O {[%clk 1:28:38]} 5. Nge2 {[%clk 1:31:44]} Re8
{[%clk 1:23:46]} 6. a3 {[%clk 1:31:38]} Bf8 {[%clk 1:24:09]} 7. d5
{[%clk 1:31:35]} d6 {[%clk 1:24:01]} 8. e4 {[%clk 1:29:45]} exd5 {[%clk 1:22:12]}
9. exd5 {[%clk 1:29:56]} Bf5 {[%clk 1:05:50]} 10. h3 {[%clk 1:25:35]} Nbd7
{[%clk 1:04:01]} 11. Be3 {[%clk 1:23:36]} Rxe3 {[%clk 0:58:40]} 12. fxe3
{[%clk 1:23:48]} Qe7 {[%clk 0:56:46]} 13. Qd4 {[%clk 1:05:15]} Nc5
{[%clk 0:52:39]} 14. Ng3 {[%clk 1:03:54]} Bg6 {[%clk 0:44:47]} 15. Rd1
{[%clk 1:02:45]} Nb3 {[%clk 0:36:46]} 16. Qf4 {[%clk 1:00:20]} Bc2
{[%clk 0:36:09]} 17. Bd3 {[%clk 0:55:48]} Bxd1 {[%clk 0:35:22]} 18. Nf5
{[%clk 0:54:45]} Qe5 {[%clk 0:34:01]} 19. Qxe5 {[%clk 0:54:25]} dxe5
{[%clk 0:34:11]} 20. Kxd1 {[%clk 0:54:46]} g6 {[%clk 0:33:17]} 21. Ng3
{[%clk 0:54:57]} Nd7 {[%clk 0:16:17]} 22. Bc2 {[%clk 0:50:49]} Na5
{[%clk 0:16:18]} 23. Bd3 {[%clk 0:50:12]} Nc5 {[%clk 0:13:39]} 24. Be2
{[%clk 0:49:24]} Nab3 {[%clk 0:13:22]} 25. Kc2 {[%clk 0:43:29]} f5
{[%clk 0:12:25]} 26. Re1 {[%clk 0:36:12]} Bh6 {[%clk 0:10:13]} 27. Bd1
{[%clk 0:36:29]} e4 {[%clk 0:08:05]} 28. Re2 {[%clk 0:32:53]} Na5
{[%clk 0:07:00]} 29. b4 {[%clk 0:27:34]} Nxc4 {[%clk 0:07:15]} 30. bxc5
{[%clk 0:27:59]} Nxe3+ {[%clk 0:07:37]} 31. Kb2 {[%clk 0:24:05]} Nxd1+
{[%clk 0:00:41]} 32. Nxd1 {[%clk 0:24:30]} Rd8 {[%clk 0:00:38]} 33. Nc3
{[%clk 0:24:56]} Bf8 {[%clk 0:00:36]} 34. Rc2 {[%clk 0:21:15]} Bxc5
{[%clk 0:00:53]} 35. Nge2 {[%clk 0:21:44]} Bd6 {[%clk 0:00:33]} 36. Kb3
{[%clk 0:22:10]} Be5 {[%clk 0:00:48]} 37. Rd2 {[%clk 0:20:44]} c6
{[%clk 0:00:39]} 38. Rd1 {[%clk 0:20:56]} Kf7 {[%clk 0:00:42]} 39. a4
{[%clk 0:14:59]} Rc8 {[%clk 0:00:34]} 40. dxc6 {[%clk 0:15:06]} Rxc6
{[%clk 0:00:36]} 41. Rd7+ {[%clk 0:15:29]} Ke6 {[%clk 0:00:48]} 42. Rxb7
{[%clk 0:15:46]} e3 {[%clk 0:00:59]} 43. Rxa7 {[%clk 0:06:12]} f4
{[%clk 0:00:59]} 44. Ra8 {[%clk 0:05:34]} Rb6+ {[%clk 0:01:17]} 45. Kc2
{[%clk 0:05:27]} Rd6 {[%clk 0:01:42]} 46. Re8+ {[%clk 0:05:51]} Kf5
{[%clk 0:01:56]} 47. Rf8+ {[%clk 0:03:01]} Ke6 {[%clk 0:01:38]} 48. a5
{[%clk 0:02:43]} Rd2+ {[%clk 0:01:57]} 49. Kc1 {[%clk 0:02:59]} g5
{[%clk 0:01:49]} 50. a6 {[%clk 0:02:45]} Rd7 {[%clk 0:00:33]} 51. Nb5
{[%clk 0:02:06]} Rd5 {[%clk 0:00:42]} 52. a7 {[%clk 0:01:35]} Rc5+
{[%clk 0:01:00]} 53. Kd1 {[%clk 0:01:34]} Rd5+ {[%clk 0:00:53]} 54. Nbd4+
{[%clk 0:01:29]} Bxd4 {[%clk 0:01:09]} 55. Nxd4+ {[%clk 0:00:59]} Rxd4+
{[%clk 0:01:37]} 56. Ke1 {[%clk 0:01:18]} 1-0